[Event "2nd Spanish League"]
[Site "?"]
[Date "2017.08.08"]
[Round "1"]
[White "Garcia Padron, Jose"]
[Black "Chacon Perez, Juan"]
[Result "1/2-1/2"]
[WhiteTitle "IM"]
[WhiteElo "2432"]
[BlackElo "2070"]
[Board "3"]
[WhiteCountry "ESP"]
[WhiteFideId "2200120"]
[WhiteEloChange "-4"]
[BlackCountry "ESP"]
[BlackFideId "32047843"]
[BlackEloChange "8"]

1. c4 e5 2. Nc3 Nc6 3. Nf3 f5 4. d4 e4 5. Ng5 Bb4 6. h4 h6 7. Nh3 Qxh4 8.
e3 Bxc3+ 9. bxc3 d6 10. Rb1 Nge7 11. d5 Ne5 12. c5 O-O 13. cxd6 cxd6 14.
Be2 f4 15. exf4 Nd3+ 16. Bxd3 exd3 17. Rb2 Bf5 18. c4 Rae8 19. Kf1 Ng6 20.
Kg1 Qe7 21. Bd2 Qe4 22. Rxb7 Nh4 23. Qf1 Rf6 24. f3 Qxc4 25. Nf2 Qxd5 26.
Rxg7+ Kxg7 27. Rxh4 Rg6 28. Ng4 Bxg4 29. fxg4 Qd4+ 30. Kh1 Re2 31. Qc1 Qe4
32. Qc7+ Qe7 33. Qxe7+ Rxe7 34. f5 Rg5 35. f6+ Kxf6 36. Rxh6+ Rg6 37. g5+
Kf5 38. g4+ Kxg4 39. Rxg6 Re2 40. Rf6 Rxd2 41. g6 Kg3 42. Kg1 Rg2+ 43. Kf1
d2 44. Rxd6 Kh2 45. g7 d1=Q+ 46. Rxd1 Rxg7 47. Rd2+ Kh3 48. Rf2 Rb7 49.
Rf3+ 1/2-1/2

[Event "2nd Spanish League"]
[Site "?"]
[Date "2017.08.08"]
[Round "1"]
[White "Suarez Garcia, Carlos"]
[Black "Galindo Rodriguez, Francisco"]
[Result "1-0"]
[WhiteTitle "IM"]
[WhiteElo "2462"]
[BlackElo "2199"]
[Board "1"]
[WhiteCountry "ESP"]
[WhiteFideId "22230858"]
[WhiteEloChange "2"]
[BlackCountry "ESP"]
[BlackFideId "2220636"]
[BlackEloChange "-4"]

1. d4 Nf6 2. c4 e6 3. g3 c5 4. Nf3 cxd4 5. Nxd4 Nc6 6. Nc3 d6 7. Bg2 Bd7 8.
Ndb5 Qb8 9. b3 a6 10. Nd4 Be7 11. Bb2 O-O 12. O-O Rd8 13. e3 Qc7 14. Rc1
Nxd4 15. exd4 Rac8 16. Qd3 Qb8 17. a4 b5 18. cxb5 d5 19. Rfd1 axb5 20. Nxb5
Bxb5 21. axb5 Qb7 22. Bc3 Ra8 23. Ra1 Rdb8 24. Ra4 Ne8 25. Rda1 Nc7 26. Bf1
Bd6 27. Ba5 g6 28. h4 Kg7 29. b6 Ne8 30. Qb5 Be7 31. Rc1 Nd6 32. Qc6 Rc8
33. Qxb7 Nxb7 34. Rxc8 Rxc8 35. Ba6 Rb8 36. Bxb7 Rxb7 37. Bb4 Bxb4 38. Rxb4
Kf6 39. Kg2 Ke7 40. Kf3 Kd6 41. g4 h6 42. g5 hxg5 43. hxg5 e5 44. Ke3 e4
45. Kf4 Ke6 46. Rb5 Kd6 47. Ke3 Kc6 48. Rb4 Kd6 49. Kd2 Ke6 50. Rb5 f6 51.
gxf6 Kxf6 52. Kc3 Ke6 53. Kb4 Rb8 54. b7 Kd6 55. Rb6+ Kc7 56. Kc5 Rd8 57.
b8=Q+ 1-0

[Event "2nd Spanish League"]
[Site "?"]
[Date "2017.08.08"]
[Round "1"]
[White "Ortiz Aviles, Javier"]
[Black "Aguera Naredo, Javier"]
[Result "0-1"]
[BlackTitle "FM"]
[WhiteElo "2138"]
[BlackElo "2386"]
[Board "2"]
[WhiteCountry "ESP"]
[WhiteFideId "22202870"]
[WhiteEloChange "-4"]
[BlackCountry "ESP"]
[BlackFideId "2204169"]
[BlackEloChange "4"]

1. d4 Nf6 2. Nf3 g6 3. Bf4 Bg7 4. e3 O-O 5. Be2 d6 6. h3 c5 7. O-O Qb6 8.
Nbd2 Be6 9. Ng5 Bd7 10. Nc4 Qc7 11. c3 h6 12. Nf3 Be6 13. Rc1 Nbd7 14. e4
Bxc4 15. Bxc4 e5 16. dxe5 dxe5 17. Bh2 Nxe4 18. Qc2 Nd6 19. Bd5 Nb6 20.
Rcd1 Rae8 21. Nxe5 Rxe5 22. Bxe5 Bxe5 23. Qxg6+ Bg7 24. Qxd6 Qxd6 25. Bxf7+
Rxf7 26. Rxd6 Re7 27. Rfd1 Kf7 28. R6d3 Na4 29. R1d2 c4 30. Rd7 b5 31.
Rxe7+ Kxe7 32. Rc2 b4 33. cxb4 Nxb2 34. Kf1 c3 35. Ke2 Kd6 36. f4 Kd5 37.
Ke3 Bd4+ 38. Kf3 Nc4 39. g4 Na3 40. Rc1 c2 41. g5 hxg5 42. fxg5 Bb2 43. g6
Ke6 44. Re1+ Kf6 45. Ke4 c1=Q 46. Rxc1 Bxc1 47. Kd4 Bd2 48. Kc5 Kxg6 49. b5
Ba5 50. Kc6 Bb6 0-1

[Event "2nd Spanish League"]
[Site "?"]
[Date "2017.08.09"]
[Round "2"]
[White "Rey Malde, Henrique"]
[Black "Silva Rodriguez, Julio Jose"]
[Result "0-1"]
[WhiteElo "2184"]
[BlackElo "2330"]
[Board "2"]
[WhiteCountry "ESP"]
[WhiteFideId "2244969"]
[WhiteEloChange "-6"]
[BlackCountry "ESP"]
[BlackFideId "2215284"]
[BlackEloChange "6"]

1. e4 e6 2. d4 d5 3. Nc3 Be7 4. Bd3 Nc6 5. Nf3 Nb4 6. O-O Nf6 7. Re1 O-O 8.
exd5 Nxd3 9. Qxd3 exd5 10. Bg5 h6 11. Rxe7 hxg5 12. Nxg5 c6 13. Rae1 Rb8
14. Qg3 Bf5 15. Qe5 Bxc2 16. Ne2 Re8 17. Nf4 Rxe7 18. Qxe7 Qxe7 19. Rxe7
Re8 20. Rxe8+ Nxe8 21. Kf1 Nd6 22. Ke2 Nf5 23. Nf3 Be4 24. Nd3 Bxf3+ 25.
Kxf3 Nxd4+ 26. Kf4 f6 27. h4 Kf7 28. a4 Ne6+ 29. Ke3 Ke7 30. f4 c5 31. f5
Nd4 32. g4 Kd6 33. Nf4 Nc6 34. Nh5 Ne5 35. Kf4 Nd3+ 36. Kf3 Ne5+ 37. Kf4 d4
38. Nxg7 c4 39. g5 Kd5 40. Ne8 Nd3+ 41. Kf3 c3 42. bxc3 dxc3 43. g6 c2 44.
g7 Ne5+ 45. Ke2 c1=Q 46. g8=Q+ Kd4 47. Qb3 Qc6 48. Qe3+ Kd5 49. Qd2+ Kc5
50. Qc3+ Nc4 51. Nxf6 Qg2+ 52. Ke1 Qh1+ 53. Ke2 Qh2+ 54. Kd3 Qh3+ 55. Kc2
Qxf5+ 56. Kd1 Qf1+ 57. Kc2 Qf5+ 58. Kd1 a6 59. h5 b5 60. axb5 axb5 61. Ke2
b4 62. Qf3 Qc2+ 63. Ke1 Qc1+ 64. Ke2 Qb2+ 65. Ke1 Qe5+ 66. Ne4+ Kd4 67. h6
Nd6 68. Qf6 Kxe4 69. Qh4+ Kd3+ 70. Kf1 b3 71. h7 Qe2+ 72. Kg1 Qe3+ 73. Kg2
Qe2+ 74. Kh3 Nf7 75. h8=Q Nxh8 76. Qxh8 b2 77. Qh7+ Kd2 78. Qb1 Qd3+ 0-1

[Event "2nd Spanish League"]
[Site "?"]
[Date "2017.08.09"]
[Round "2"]
[White "Nieves Cabanes, Jose Manuel"]
[Black "Mejuto De Ulloa, Jorge"]
[Result "0-1"]
[WhiteTitle "FM"]
[WhiteElo "2309"]
[BlackElo "2132"]
[Board "3"]
[WhiteCountry "ESP"]
[WhiteFideId "22245715"]
[WhiteEloChange "-15"]
[BlackCountry "ESP"]
[BlackFideId "2288370"]
[BlackEloChange "15"]

1. Nf3 c5 2. c4 Nc6 3. g3 g6 4. Bg2 Bg7 5. O-O d6 6. Nc3 e5 7. d3 Nge7 8.
Ne1 O-O 9. Nc2 f5 10. Ne3 h6 11. Ned5 g5 12. f4 exf4 13. gxf4 g4 14. Be3 h5
15. Bf2 Ng6 16. Rb1 Kh8 17. a3 Rb8 18. b4 b6 19. b5 Nd4 20. e3 Ne6 21. Qe1
Re8 22. Ne2 Nc7 23. e4 Nxd5 24. cxd5 Qf6 25. Qd2 h4 26. Rbc1 Rb7 27. Rc4
Rbe7 28. Rfc1 Bb7 29. Re1 Bh6 30. Ra4 fxe4 31. dxe4 Nxf4 32. Nxf4 Bxf4 33.
Qe2 Rg8 34. Rxa7 Bxh2+ 35. Kxh2 g3+ 36. Kg1 h3 37. Be3 hxg2 38. Bc1 Qf2+
39. Qxf2 gxf2+ 40. Kxf2 g1=Q+ 41. Rxg1 Rf7+ 42. Bf4 Rxf4+ 43. Ke3 Rxg1 44.
Kxf4 Rf1+ 45. Ke3 Rf7 46. a4 Kg7 47. a5 bxa5 48. b6 Kf6 49. Kf4 Rh7 50.
Rxa5 Rh4+ 51. Kf3 Ke5 52. Ra7 Rf4+ 53. Kg3 Rf7 54. Ra4 Bxd5 55. exd5 Kxd5
56. Ra7 Rf8 57. Rc7 Rf1 58. b7 Rb1 59. Kf4 c4 60. Ke3 Rb3+ 61. Kd2 Kd4 62.
Rh7 d5 63. Kc2 Kc5 64. Rc7+ Kd6 65. Rh7 Kc6 66. Rh6+ Kxb7 67. Rd6 Rb5 68.
Kc3 Kc7 69. Rh6 Rb3+ 70. Kd4 Rd3+ 71. Kc5 Kd7 72. Rd6+ Ke7 73. Rc6 c3 74.
Kb4 d4 75. Kc4 Rd2 76. Kb3 Kd7 77. Rc5 Kd6 78. Rc8 Kd5 79. Re8 Rb2+ 80. Ka3
Rb7 81. Rh8 c2 82. Rc8 d3 83. Rc3 d2 84. Rd3+ Ke4 0-1

[Event "2nd Spanish League"]
[Site "?"]
[Date "2017.08.09"]
[Round "2"]
[White "Naranjo Moreno, Antonio"]
[Black "Gines Esteo, Pedro Antonio"]
[Result "1-0"]
[WhiteTitle "FM"]
[BlackTitle "FM"]
[WhiteElo "2379"]
[BlackElo "2383"]
[Board "2"]
[WhiteCountry "ESP"]
[WhiteFideId "2278626"]
[WhiteEloChange "10"]
[BlackCountry "ESP"]
[BlackFideId "32080190"]
[BlackEloChange "-10"]

1. e4 d6 2. d4 Nf6 3. Nc3 e5 4. Nf3 Nbd7 5. Bc4 Be7 6. O-O O-O 7. a4 a6 8.
a5 exd4 9. Qxd4 h6 10. h3 Ne5 11. Nxe5 dxe5 12. Qe3 Qd4 13. Qe2 Be6 14.
Bxe6 fxe6 15. Ra4 Qd7 16. Rd1 Bd6 17. Be3 Qe7 18. Nb1 Rad8 19. Nd2 Bc5 20.
Nb3 Bxe3 21. fxe3 Rxd1+ 22. Qxd1 Qe8 23. Rb4 Qg6 24. Nc5 Nh5 25. Qg4 Qxg4
26. hxg4 Nf6 27. Rxb7 Nxg4 28. Nxa6 Nxe3 29. Nxc7 Rf1+ 30. Kh2 Rf2 31. a6
Nxg2 32. Kg1 Rd2 33. a7 Nh4 34. a8=Q+ Kh7 35. Qf8 1-0

[Event "2nd Spanish League"]
[Site "?"]
[Date "2017.08.09"]
[Round "3"]
[White "Montoliu Cervero, Francisco"]
[Black "Castella Garcia, Fausto"]
[Result "0-1"]
[WhiteTitle "FM"]
[BlackTitle "FM"]
[WhiteElo "2384"]
[BlackElo "2308"]
[Board "1"]
[WhiteCountry "ESP"]
[WhiteFideId "2214814"]
[WhiteEloChange "-12"]
[BlackCountry "ESP"]
[BlackFideId "3501922"]
[BlackEloChange "12"]

1. e4 c5 2. Nf3 g6 3. c4 Bg7 4. d4 cxd4 5. Nxd4 Nc6 6. Be3 Nf6 7. Nc3 O-O
8. f3 b6 9. Nc2 Bb7 10. Qd2 e6 11. Bg5 h6 12. Bxh6 Nxe4 13. Nxe4 Qh4+ 14.
g3 Qxh6 15. Qxh6 Bxh6 16. Nd6 Rab8 17. Rd1 Ba8 18. Kf2 Bg7 19. b3 f5 20.
Be2 g5 21. h4 g4 22. Rhf1 f4 23. fxg4 f3 24. Bd3 Ne5 25. Ne3 Nxd3+ 26. Rxd3
Kh7 27. Re1 a6 28. Nc2 b5 29. c5 b4 30. Nd4 Bd5 31. Red1 a5 32. Nxf3 Bd4+
33. Rxd4 Rxf3+ 34. Kg2 Bc6 35. Kh3 a4 36. R1d3 Rf1 37. Rd1 Rf3 38. Rb1 Rf2
39. h5 Rxa2 40. bxa4 b3 41. Nb5 Rg8 42. Rg1 Rc2 43. Rb4 Rxc5 44. Rxb3 Rc4
45. Nc3 Rcxg4 46. Ne2 Rxa4 47. g4 Kh6 48. Rbg3 Rg5 49. Rf1 Bb5 50. Rf6+ Kg7
51. Rf2 Ra2 52. Rgg2 Bc6 53. Rh2 Rc5 54. Nf4 Ra3+ 55. Kh4 e5 56. Nh3 Rc4
57. Ng5 Raa4 58. Rf7+ Kg8 59. h6 Rxg4+ 60. Kh5 Rxg5+ 61. Kxg5 Kxf7 62. h7
Ra8 63. h8=Q Rxh8 64. Rxh8 Ke6 65. Kg4 Kd5 66. Kf3 Kd4+ 67. Ke2 e4 68. Rh3
d5 69. Kd2 Bd7 70. Rh4 Ke5 71. Rh7 Bf5 72. Re7+ Kf4 73. Re8 d4 74. Rd8 e3+
75. Ke2 d3+ 76. Ke1 Ke5 77. Re8+ Kd4 78. Kd1 Bg4+ 0-1

[Event "2nd Spanish League"]
[Site "?"]
[Date "2017.08.10"]
[Round "4"]
[White "Vila Gazquez, Xavier"]
[Black "Pallardo Lozoya, Jose Vicente"]
[Result "1-0"]
[WhiteTitle "GM"]
[BlackTitle "FM"]
[WhiteElo "2483"]
[BlackElo "2389"]
[Board "3"]
[WhiteCountry "ESP"]
[WhiteFideId "2261090"]
[WhiteEloChange "4"]
[BlackCountry "ESP"]
[BlackFideId "2230380"]
[BlackEloChange "-7"]

1. Nf3 d5 2. g3 Bg4 3. Bg2 Nf6 4. c4 c6 5. cxd5 Bxf3 6. Bxf3 cxd5 7. O-O
Nc6 8. d3 e6 9. Nc3 Be7 10. a3 Rc8 11. Bd2 O-O 12. b4 Qd7 13. Bg2 Nd4 14.
e3 Nb5 15. Ne2 d4 16. exd4 b6 17. Be3 Nd5 18. Qd2 Bf6 19. a4 Nbc3 20. b5
Nxe2+ 21. Qxe2 Rc3 22. Rfc1 Rfc8 23. Rxc3 Rxc3 24. Qd2 Qc7 25. Bxd5 exd5
26. Bf4 Qc8 27. Be5 Bxe5 28. dxe5 d4 29. Re1 Rc2 30. Qf4 Qc3 31. Qe4 h6 32.
e6 f5 33. e7 fxe4 34. e8=Q+ Kh7 35. Qxe4+ Kh8 36. Qe8+ Kh7 37. Qe4+ Kh8 38.
h4 Qd2 39. Rf1 Rc3 40. Qe8+ Kh7 41. Qe4+ Kh8 42. Qxd4 Rxd3 43. Qe4 Qc3 44.
Re1 Rd8 45. Qe7 Rc8 46. Rd1 Kh7 47. Qxa7 Qf3 48. Qd7 Rc3 49. Qd4 Ra3 50.
Re1 Qb3 51. Re7 Qb1+ 52. Kg2 Qg6 53. h5 Rxg3+ 54. fxg3 Qc2+ 55. Qf2 Qd3 56.
Qe2 1-0

[Event "2nd Spanish League"]
[Site "?"]
[Date "2017.08.10"]
[Round "4"]
[White "Aguera Naredo, Javier"]
[Black "Tattersall Rodriguez, Lester"]
[Result "0-1"]
[WhiteTitle "FM"]
[BlackTitle "FM"]
[WhiteElo "2386"]
[BlackElo "2275"]
[Board "2"]
[WhiteCountry "ESP"]
[WhiteFideId "2204169"]
[WhiteEloChange "-13"]
[BlackCountry "ESP"]
[BlackFideId "2208903"]
[BlackEloChange "13"]

1. e4 e6 2. d4 d5 3. Nd2 c5 4. Ngf3 Nf6 5. exd5 Nxd5 6. Nb3 cxd4 7. Nbxd4
a6 8. c4 Nf6 9. Be2 Bd6 10. O-O h6 11. b4 O-O 12. c5 Bc7 13. Bb2 e5 14. Nc2
Nc6 15. a4 Qe7 16. b5 Rd8 17. Qc1 Na5 18. Rb1 axb5 19. axb5 Nb3 20. Qe3
Nxc5 21. Nxe5 Nd5 22. Qd4 f6 23. Nd3 Nb3 0-1

[Event "2nd Spanish League"]
[Site "?"]
[Date "2017.08.10"]
[Round "4"]
[White "Nieves Cabanes, Javier"]
[Black "Redondo Benavente, Ana"]
[Result "0-1"]
[BlackTitle "WFM"]
[WhiteElo "2203"]
[BlackElo "2022"]
[Board "4"]
[WhiteCountry "ESP"]
[WhiteFideId "22245707"]
[WhiteEloChange "-15"]
[BlackCountry "ESP"]
[BlackFideId "32021674"]
[BlackEloChange "15"]

1. d4 Nf6 2. c4 e6 3. Nc3 Bb4 4. Nf3 b6 5. g3 Bb7 6. Bg2 O-O 7. O-O Bxc3 8.
bxc3 d6 9. a4 Nc6 10. c5 dxc5 11. dxc5 Qxd1 12. Rxd1 Na5 13. Ba3 Rfd8 14.
Bb4 Nc4 15. Rd4 Rxd4 16. cxd4 a5 17. Be1 Rd8 18. e3 Be4 19. Bf1 Nxe3 20.
fxe3 Bxf3 21. cxb6 cxb6 22. Rb1 Rd6 23. Bxa5 Nd5 24. Bd3 f5 25. Bd2 Be4 26.
Bxe4 fxe4 27. Rc1 Kf7 28. Kg2 Rd7 29. Kf2 Rb7 30. Rb1 Ra7 31. Ra1 h5 32.
Ke2 Rc7 33. a5 bxa5 34. Rxa5 Rb7 35. Rc5 Rb3 36. Rc1 Kf6 37. Rc2 Rb1 38.
Rc1 Rxc1 39. Bxc1 g5 40. h3 g4 41. h4 Ke7 42. Kd1 Kd7 43. Bd2 Kc6 44. Kc2
Ne7 45. Be1 Kd5 46. Kb3 Nc6 47. Bc3 Ne7 48. Be1 Nf5 49. Bf2 Nd6 50. Kb4 Nc4
51. Kc3 e5 52. dxe5 Nxe5 53. Be1 Nf3 54. Bf2 Kc5 55. Kb3 Ne5 56. Be1 Nc4
57. Bf2 Nd6 58. Be1 Nf5 59. Bf2 Ne7 60. Be1 Nd5 61. Bd2 Kb5 62. Bc1 Ne7 63.
Kc3 Nf5 64. Bd2 Kc6 65. Kc4 Kd6 66. Bb4+ Ke6 67. Be1 Nxe3+ 68. Kc3 Ng2 69.
Bf2 e3 70. Bg1 e2 71. Bf2 e1=Q+ 72. Bxe1 Nxe1 73. Kd4 0-1

[Event "2nd Spanish League"]
[Site "?"]
[Date "2017.08.10"]
[Round "4"]
[White "Naranjo Moreno, Antonio"]
[Black "Fernandez Torre, Ivan"]
[Result "1-0"]
[WhiteTitle "FM"]
[WhiteElo "2379"]
[BlackElo "2152"]
[Board "2"]
[WhiteCountry "ESP"]
[WhiteFideId "2278626"]
[WhiteEloChange "4"]
[BlackCountry "ESP"]
[BlackFideId "2229528"]
[BlackEloChange "-4"]

1. e4 c5 2. Nf3 e6 3. d4 cxd4 4. Nxd4 a6 5. Bd3 Nf6 6. O-O Qc7 7. Nc3 Nc6
8. Be3 Ne5 9. h3 Bc5 10. f4 Nc6 11. Nce2 Qb6 12. c3 Qxb2 13. Kh2 Qb6 14.
Bc2 d6 15. Qd3 e5 16. Rab1 Qc7 17. Nxc6 Bxe3 18. fxe5 dxe5 19. Qxe3 Qxc6
20. Qg5 O-O 21. Qxe5 Re8 22. Qf4 Be6 23. a4 Rad8 24. Rf3 Qc4 25. Ng3 Qa2
26. Rc1 Qc4 27. Qg5 h6 28. Qf4 Qc6 29. Re1 Qd6 30. Rb1 Qxf4 31. Rxf4 Rd2
32. Bb3 Bxb3 33. Rxb3 Ra2 34. Rb4 Rd8 35. Nf1 Rd3 36. Rc4 Rc2 37. Rc8+ Kh7
38. e5 Nd7 39. Re8 Re2 40. Ng3 Rxe5 41. Rd8 Nc5 42. Rxd3 Nxd3 43. Rxf7 Nc5
44. a5 Kg6 45. Rc7 h5 46. h4 Kh6 47. Kh3 Kg6 48. Kh2 Kh6 49. Kg1 Kg6 50.
Kf2 Rd5 51. Ne2 Ne6 52. Re7 Rf5+ 53. Kg3 Nc5 54. Nd4 Rd5 55. Kf4 Kf6 56.
Re8 Kf7 57. Rb8 Kf6 58. g3 Rd7 59. Rf8+ Ke7 60. Rh8 Rd5 61. Nf5+ Kf6 62.
Rf8+ Ke6 63. Nxg7+ Ke7 64. Rf5 Rxf5+ 65. Kxf5 Nb3 66. Nxh5 Nxa5 67. Nf4 Nc4
68. Kg6 a5 69. Kg7 Ne5 70. h5 a4 71. h6 a3 72. Nd5+ Ke6 73. Nb4 Nc6 74. h7
Nxb4 75. h8=Q a2 76. Qa8 Na6 77. Qe8+ Kd6 78. Qa4 Kd5 1-0

[Event "2nd Spanish League"]
[Site "?"]
[Date "2017.08.11"]
[Round "5"]
[White "Jimenez Mompo, Candido"]
[Black "Pallardo Lozoya, Jose Vicente"]
[Result "1/2-1/2"]
[BlackTitle "FM"]
[WhiteElo "1993"]
[BlackElo "2389"]
[Board "4"]
[WhiteCountry "ESP"]
[WhiteFideId "22250140"]
[WhiteEloChange "8"]
[BlackCountry "ESP"]
[BlackFideId "2230380"]
[BlackEloChange "-8"]

1. d4 c5 2. d5 e5 3. c4 d6 4. Nc3 Be7 5. e4 Bg5 6. Be2 Bxc1 7. Rxc1 Nh6 8.
Nf3 Nd7 9. Qd2 Nf8 10. Qg5 Qxg5 11. Nxg5 f6 12. Nf3 Ng6 13. g3 Bh3 14. Bf1
Bd7 15. h4 Ne7 16. Nb5 Bxb5 17. cxb5 f5 18. Ng5 fxe4 19. Nxe4 Nef5 20. Bh3
Ke7 21. O-O Nd4 22. Nc3 Nf3+ 23. Kg2 Raf8 24. Ne4 Nd4 25. Rc3 Nhf5 26. Bxf5
Rxf5 27. Ra3 Ra8 28. b6 a6 29. Rc1 Raf8 30. b4 cxb4 31. Rc7+ Kd8 32. Nxd6
Rxf2+ 33. Kh3 bxa3 34. Nxb7+ Ke8 35. Nd6+ Kd8 36. Nb7+ 1/2-1/2

[Event "2nd Spanish League"]
[Site "?"]
[Date "2017.08.11"]
[Round "5"]
[White "Laiz Ibanez, Hector"]
[Black "Naranjo Moreno, Antonio"]
[Result "0-1"]
[WhiteTitle "FM"]
[BlackTitle "FM"]
[WhiteElo "2284"]
[BlackElo "2379"]
[Board "2"]
[WhiteCountry "ESP"]
[WhiteFideId "2216710"]
[WhiteEloChange "-7"]
[BlackCountry "ESP"]
[BlackFideId "2278626"]
[BlackEloChange "7"]

1. Nf3 Nf6 2. g3 g6 3. Bg2 Bg7 4. O-O O-O 5. d4 d6 6. Nc3 Nbd7 7. a4 a5 8.
e4 e5 9. h3 Re8 10. Re1 c6 11. g4 exd4 12. Nxd4 d5 13. exd5 Rxe1+ 14. Qxe1
Nxd5 15. Nxd5 cxd5 16. c3 Nc5 17. Bf4 Bxd4 18. cxd4 Nd3 19. Qd2 Nxf4 20.
Qxf4 Be6 21. Rc1 Rc8 22. Rxc8 Qxc8 23. Bf3 Qc6 24. h4 Qxa4 25. h5 gxh5 26.
gxh5 h6 27. Bg4 Qa1+ 28. Kg2 Qe1 29. Bf3 Kh7 30. Kg3 Qg1+ 31. Bg2 Qb1 32.
Qe5 Qd3+ 33. Kh2 Qd2 34. Bxd5 Qxf2+ 35. Bg2 Qxb2 36. Qe4+ Kg7 37. d5 Bd7
38. Qe7 Bg4 39. Kg3 a4 40. d6 Qd4 41. Bd5 Qxd5 42. Kxg4 a3 43. d7 a2 44.
d8=Q Qxd8 45. Qxd8 a1=Q 46. Qb6 Qd1+ 47. Kf4 Qc1+ 48. Kf5 Qg5+ 49. Ke4 Qxh5
0-1

[Event "2nd Spanish League"]
[Site "?"]
[Date "2017.08.11"]
[Round "5"]
[White "Claros Egea, Christian"]
[Black "Gonzalez Diaz, Julio"]
[Result "1-0"]
[WhiteElo "2227"]
[BlackElo "2263"]
[Board "3"]
[WhiteCountry "ESP"]
[WhiteFideId "2260468"]
[WhiteEloChange "11"]
[BlackCountry "ESP"]
[BlackFideId "2207613"]
[BlackEloChange "-11"]

1. e4 e6 2. Nc3 d5 3. Nf3 Nf6 4. e5 Nfd7 5. d4 c5 6. dxc5 Nc6 7. Bf4 Nxc5
8. h4 Be7 9. h5 f6 10. h6 g6 11. Bd3 O-O 12. Bxg6 hxg6 13. h7+ Kh8 14. Nh4
Qe8 15. Qg4 g5 16. exf6 Bxf6 17. Bxg5 e5 18. Bxf6+ Rxf6 19. Qg5 Rd6 20. Nb5
Re6 21. Nc7 Ne4 22. Qg4 Qf7 23. f3 Rh6 24. Qg8+ Qxg8 25. hxg8=Q+ Kxg8 26.
fxe4 Rb8 27. exd5 Nd4 28. Kd2 Bd7 29. c3 Nb5 30. Nxb5 Bxb5 31. b3 Rf8 32.
c4 Bd7 33. Nf3 Rg6 34. Nxe5 Rxg2+ 35. Kc3 Rg3+ 36. Kb4 Bf5 37. Rag1 Rg7 38.
Rxg7+ Kxg7 39. Rf1 b6 40. d6 a5+ 41. Kc3 Kh6 42. d7 Kg5 43. Rxf5+ 1-0

[Event "2nd Spanish League"]
[Site "?"]
[Date "2017.08.11"]
[Round "5"]
[White "Lara Granero, Bio"]
[Black "Ruperez Benito, Antonio"]
[Result "0-1"]
[BlackTitle "FM"]
[WhiteElo "2063"]
[BlackElo "2311"]
[Board "4"]
[WhiteCountry "ESP"]
[WhiteFideId "2278286"]
[WhiteEloChange "-4"]
[BlackCountry "ESP"]
[BlackFideId "22245049"]
[BlackEloChange "4"]

1. b3 e5 2. Bb2 Nc6 3. e3 Nf6 4. Bb5 Bd6 5. Nf3 Qe7 6. d4 exd4 7. Nxd4 Nxd4
8. Qxd4 c6 9. Be2 Bc5 10. Qh4 d5 11. Qg5 Bb4+ 12. Kf1 Rg8 13. a3 h6 14. Qe5
Qxe5 15. Bxe5 Be7 16. Nd2 Be6 17. h3 a5 18. a4 Bb4 19. Rd1 Ke7 20. Bd3 Nd7
21. Bb2 Rad8 22. Nf3 Nc5 23. Be2 Ne4 24. Nd4 Nc3 25. Bxc3 Bxc3 26. Nxe6
fxe6 27. Bf3 b5 28. Rd3 Bf6 29. axb5 cxb5 30. e4 d4 31. g3 Rc8 32. Kg2 Rxc2
33. Ra1 Rc3 34. Be2 Ra8 35. Rxc3 dxc3 36. Bxb5 Rc8 37. Rc1 Bd4 38. Rc2 Kd6
39. f4 Rb8 40. Bc4 Rb4 41. f5 exf5 42. e5+ Bxe5 43. Bf7 Rd4 44. Bh5 Rd3 45.
Bf3 Kc5 46. Ra2 Kb4 47. Ra4+ Kxb3 48. Rxa5 c2 49. Rb5+ Ka3 50. Bc6 c1=Q 51.
Ra5+ Kb2 0-1

[Event "2nd Spanish League"]
[Site "?"]
[Date "2017.08.12"]
[Round "7"]
[White "Perez Mitjans, Orelvis"]
[Black "Alsina Leal, Daniel"]
[Result "1-0"]
[WhiteTitle "GM"]
[BlackTitle "GM"]
[WhiteElo "2399"]
[BlackElo "2507"]
[Board "2"]
[WhiteCountry "ESP"]
[WhiteFideId "3502856"]
[WhiteEloChange "13"]
[BlackCountry "ESP"]
[BlackFideId "2252627"]
[BlackEloChange "-7"]

1. e4 c5 2. Nf3 d6 3. Bb5+ Bd7 4. c4 Nc6 5. d4 cxd4 6. Nxd4 Nf6 7. Nc3 g6
8. f3 Bg7 9. Be3 O-O 10. O-O a6 11. Nxc6 bxc6 12. Ba4 Rb8 13. Qe2 c5 14.
Rac1 Bxa4 15. Nxa4 Nd7 16. b3 Ne5 17. f4 Nc6 18. f5 e6 19. Qf2 Bd4 20. f6
Kh8 21. Bxd4 Nxd4 22. e5 Rg8 23. Rcd1 dxe5 24. Nxc5 Qc8 25. Nd3 Nc6 26. Qc5
Rd8 27. Nxe5 Nxe5 28. Qxe5 h6 29. Rd6 a5 30. Rfd1 Rxd6 31. Qxd6 Kh7 32. c5
Rb7 33. a3 g5 34. c6 Rc7 35. Qd3+ Kg8 36. Qd8+ Qxd8 37. Rxd8+ Kh7 38. Rd6
Kg6 39. b4 axb4 40. axb4 Kxf6 41. b5 Ke7 42. Rd1 e5 43. g4 Rc8 44. Kf2 Ke6
45. Ke3 Ke7 46. Ke4 Ke6 47. Rd2 f6 48. Rd1 h5 49. gxh5 f5+ 50. Ke3 e4 51.
h6 Ke5 52. b6 f4+ 53. Kf2 e3+ 54. Kg2 Ke4 55. b7 f3+ 56. Kg3 Rf8 57. c7 e2
58. Re1 Kd3 59. b8=Q f2 60. Qb5+ Kd4 61. Qxe2 1-0